Najniższa stopa bezrobocia w UE - 2025.10. - Statystyki

Ogólne statystyki
  • Ten quiz został rozwiązany 24 razy
  • Średni wynik to 8 z 10
Statystyki odpowiedzi
Stopa bezrobocia Państwo % Poprawnych
3,2 % Polska
100%
3,2 % Czechy
89%
3,8 % Niemcy
89%
4,5 % Węgry
89%
4,6 % Chorwacja
84%
3,6 % Bułgaria
74%
4,0 % Holandia
74%
3,1 % Malta
68%
4,7 % Słowenia
68%
4,2 % Cypr
37%
Nie znaleziono quizów pasujących do podanych kryteriów
Rozkład punktacji
Procent ludzi z każdym wynikiem
Percentyl według liczby udzielonych odpowiedzi
Twoja historia wyników
Nie rozwiązałeś tego quizu